000 00669nam a22002177a 4500
005 20170622144302.0
010 _aENG-118893
020 _a9788171921201
_c900.00
035 _aEN-102425
037 _bDBAD/PUB
082 _a6012.670954
245 _aAgeing through the ages :
_cedited by B.K. Swain, P.K. Meshram[and] A.T. Borkar
_bfrom past to present and future /
260 _aNagpur
_bDattsons
_c2015
270 _aJ.Nehru Marg, Sadar
_bNagpur
_e440001
300 _a420 .
_c24cm(pbk)
700 _aSwain, B.K.
700 _aMeshram, P.K.
700 _aBorkar, A.T.
700 _aHiranwar, Geeta
942 _2ddc
_cEN
_mAGE
_h612.670954
999 _c140683
_d140683